|
|
|
|
| LEADER |
01126nam a2200229 i 4500 |
| 003 |
GR-PaULI |
| 005 |
20210117210656.0 |
| 008 |
180711t2011 us a|||g |||| 001 0 eng d |
| 020 |
|
|
|a 9780521518314
|
| 040 |
|
|
|a GR-PaULI
|b gre
|c GR-PaULI
|e AACR2
|
| 082 |
0 |
4 |
|2 23
|a 292.08
|
| 245 |
0 |
5 |
|a The "Orphic" gold tablets and Greek religion :
|b further along the path /
|c edited by Radcliffe G. Edmonds III.
|
| 260 |
|
|
|a New York :
|b Cambridge University Press,
|c 2011.
|
| 300 |
|
|
|a x, 385 σ. :
|b εικ. ;
|c 23 εκ.
|
| 504 |
|
|
|a Περιλαμβάνει βιβλιογραφία και ευρετήριο.
|
| 650 |
|
4 |
|9 4717
|a Μυθολογία, Ελληνική
|
| 651 |
|
4 |
|9 77356
|a Ελλάδα, Αρχαία
|x Θρησκεία
|
| 700 |
1 |
|
|9 57982
|a Edmonds, Radcliffe G.
|q (Radcliffe Guest),
|d 1970-
|e επιμελητής.
|
| 942 |
|
|
|2 ddc
|c BK15
|
| 952 |
|
|
|0 0
|1 0
|2 ddc
|4 0
|6 292_080000000000000_ORP
|7 0
|9 224186
|a LISP
|b LISP
|c BSC
|d 2018-07-11
|i 013180
|l 0
|o 292.08 ORP
|p 025000257009
|r 2018-07-11 00:00:00
|t 1
|v 2018.00
|w 2018-07-11
|y BK15
|x Μεταφορά Τμήματος Φιλολογίας
|
| 998 |
|
|
|c ΒΑΣΙΛΕΙΟΥ
|d 2018-07
|
| 999 |
|
|
|c 135424
|d 135424
|